[Event "NOR-chT Nord"]
[Site "Tromsoe"]
[Date "2011.02.22"]
[Round "4"]
[White "Jaeger, Frode Bull"]
[Black "Demac, Elias"]
[Result "1-0"]
[WhiteElo "2117"]
[BlackElo "2246"]
[PlyCount "51"]
[EventDate "2011.02.22"]
[EventType "team-tourn"]
[EventRounds "5"]
[EventCountry "NOR"]
[SourceTitle "EXT 2015"]
[Source "ChessBase"]
[SourceDate "2014.11.20"]
[SourceVersion "1"]
[SourceVersionDate "2014.11.20"]
[SourceQuality "1"]

1. e4 c6 2. d4 d5 3. e5 Bf5 4. Nf3 e6 5. Be2 Nd7 6. 0-0 Ne7 7. Nh4 Bg6 8. Nd2 c5 9. c3 Nc6 10. Nxg6 hxg6 11. Nf3 cxd4 12. cxd4 Be7 13. Be3 0-0 14. g3 Qb6 15. Rb1 Rfc8 16. h4 a5 17. Kg2 a4 18. Rh1 Qd8 19. h5 a3 20. hxg6 fxg6 21. Qg1 axb2 22. Rxb2 Nb4 23. Rxb4 Bxb4 24. Ng5 Be7 25. Rh8+ Kxh8 26. Qh1+ 1-0

[Event "NOR-chT 1011"]
[Site "Oslo"]
[Date "2010.11.07"]
[Round "3"]
[White "Demac, Elias"]
[Black "Bjerke, Silje"]
[Result "1-0"]
[WhiteElo "2246"]
[BlackElo "2186"]
[PlyCount "65"]
[EventDate "2010.11.05"]
[EventType "team-tourn"]
[EventRounds "9"]
[EventCountry "NOR"]
[SourceTitle "EXT 2011"]
[Source "ChessBase"]
[SourceDate "2010.11.26"]
[SourceVersion "1"]
[SourceVersionDate "2010.11.26"]
[SourceQuality "1"]
[WhiteTeam "Bergens"]
[BlackTeam "Oslo SK 1911"]
[WhiteTeamCountry "NOR"]
[BlackTeamCountry "NOR"]

1. d4 Nf6 2. c4 g6 3. Nc3 d5 4. cxd5 Nxd5 5. Bd2 Bg7 6. e4 Nb6 7. Be3 0-0 8. f4 f5 9. Qb3+ Kh8 10. e5 c6 11. Nf3 Nd5 12. Nxd5 cxd5 13. Be2 b6 14. h4 e6 15. h5 Kg8 16. hxg6 hxg6 17. Ng5 Nc6 18. Bf2 Re8 19. Bb5 Ne7 20. Bxe8 Qxe8 21. 0-0 Qd7 22. Rfc1 Ba6 23. Qa3 Bb5 24. Rc2 Rc8 25. Rxc8+ Nxc8 26. Rc1 Bc4 27. Qc3 Bh6 28. Bh4 Ne7 29. b3 Bb5 30. Qc7 Qxc7 31. Rxc7 Bxg5 32. Bxg5 Nc6 33. a4 1-0

[Event "NOR-chT 1011"]
[Site "Oslo"]
[Date "2010.11.05"]
[Round "1"]
[White "Kovachev, Daniel Jakobsen"]
[Black "Demac, Elias"]
[Result "1-0"]
[WhiteElo "2307"]
[BlackElo "2246"]
[PlyCount "95"]
[EventDate "2010.11.05"]
[EventType "team-tourn"]
[EventRounds "9"]
[EventCountry "NOR"]
[SourceTitle "EXT 2011"]
[Source "ChessBase"]
[SourceDate "2010.11.26"]
[SourceVersion "1"]
[SourceVersionDate "2010.11.26"]
[SourceQuality "1"]
[WhiteTeam "OSS"]
[BlackTeam "Bergens"]
[WhiteTeamCountry "NOR"]
[BlackTeamCountry "NOR"]

1. e4 Nf6 2. e5 Nd5 3. d4 d6 4. Nf3 dxe5 5. Nxe5 c6 6. Be2 Nd7 7. Nf3 g6 8. 0-0 Bg7 9. c4 Nc7 10. Nc3 0-0 11. Be3 e5 12. d5 cxd5 13. cxd5 b6 14. d6 Ne6 15. Bc4 Ndc5 16. Qd2 Bb7 17. b4 Ne4 18. Nxe4 Bxe4 19. Ng5 Nxg5 20. Bxg5 Qd7 21. Bd5 Bxd5 22. Qxd5 Rac8 23. Rac1 Rfe8 24. Be7 h5 25. h4 Kh7 26. Qxf7 Rxc1 27. Rxc1 Rf8 28. Qd5 Rf4 29. Qc6 Qf5 30. d7 Rxf2 31. d8Q e4 32. Qd1 Rxa2 33. Qcc2 Rxc2 34. Rxc2 Qf4 35. Bg5 Qg3 36. Kf1 a5 37. bxa5 bxa5 38. Qe2 Qh2 39. Qxe4 Qh1+ 40. Ke2 Qb1 41. Be3 Qb5+ 42. Kf2 Qb1 43. g3 Qb3 44. Rc5 Qb2+ 45. Qc2 Qf6+ 46. Kg2 Qe6 47. Bf2 Kh6 48. Rxa5 1-0

[Event "EU-ch U18"]
[Site "Batumi"]
[Date "2010.09.26"]
[Round "7"]
[White "Demac, Elias"]
[Black "Kolosowski, Mateusz"]
[Result "1/2-1/2"]
[WhiteElo "2226"]
[BlackElo "2342"]
[PlyCount "91"]
[EventDate "2010.09.20"]
[EventType "swiss"]
[EventRounds "9"]
[EventCountry "GEO"]
[SourceTitle "CBM 138 Extra"]
[Source "ChessBase"]
[SourceDate "2010.10.29"]
[SourceVersion "1"]
[SourceVersionDate "2010.10.29"]
[SourceQuality "1"]

1. d4 Nf6 2. c4 g6 3. Nc3 d5 4. Nf3 Bg7 5. Bg5 Ne4 6. Bh4 Nxc3 7. bxc3 dxc4 8. e3 b5 9. a4 c6 10. Nd2 a6 11. Be2 Nd7 12. Bf3 Bb7 13. 0-0 h6 14. Qb1 Rb8 15. axb5 axb5 16. Qb4 c5 17. dxc5 Bxf3 18. Nxf3 Qc7 19. Bg3 e5 20. Ra5 Qxc5 21. Qxc5 Nxc5 22. Nxe5 Ne4 23. Nc6 Rb6 24. Nd4 Bxd4 25. Ra8+ Ke7 26. Ra7+ Ke6 27. exd4 f6 28. Bc7 Rc6 29. Ba5 Rb8 30. Re1 Kd5 31. Re7 Ra6 32. Bb4 Nd6 33. Rc7 Nb7 34. g3 Ra4 35. Ree7 Rxb4 36. cxb4 Nd6 37. Re1 Rb6 38. Rd1 Ne4 39. f3 Nc3 40. Rc5+ Kd6 41. Rd2 Nd5 42. Rb2 Ne3 43. Ra2 Nd5 44. Rb2 Ne3 45. Ra2 Nd5 46. Rb2 1/2-1/2

[Event "EU-ch U18"]
[Site "Batumi"]
[Date "2010.09.22"]
[Round "3"]
[White "Demac, Elias"]
[Black "Firat, Burak"]
[Result "0-1"]
[WhiteElo "2226"]
[BlackElo "2424"]
[PlyCount "92"]
[EventDate "2010.09.20"]
[EventType "swiss"]
[EventRounds "9"]
[EventCountry "GEO"]
[SourceTitle "CBM 138 Extra"]
[Source "ChessBase"]
[SourceDate "2010.10.29"]
[SourceVersion "1"]
[SourceVersionDate "2010.10.29"]
[SourceQuality "1"]

1. d4 Nf6 2. Nf3 g6 3. c4 Bg7 4. Nc3 d5 5. Bg5 Ne4 6. cxd5 Nxg5 7. Nxg5 e6 8. Nf3 exd5 9. b4 0-0 10. e3 Qd6 11. a3 c6 12. Be2 Be6 13. 0-0 Nd7 14. Nd2 a5 15. Qb3 axb4 16. Qxb4 Qc7 17. Rfc1 Rfb8 18. a4 Qd8 19. Bf3 h5 20. g3 h4 21. Ne2 Bf8 22. Qb2 Bd6 23. Kh1 Nf8 24. Nf4 Qf6 25. Bg2 Bd7 26. Nd3 Bf5 27. Ne5 Qh8 28. g4 f6 29. gxf5 fxe5 30. Bh3 exd4 31. exd4 Qh6 32. Nf3 Qf4 33. Rc3 b5 34. a5 Re8 35. Rg1 Rxa5 36. Rg4 Qxf5 37. Nxh4 Qf7 38. Rf3 Qh7 39. Qc2 Re4 40. Rxe4 dxe4 41. Qxe4 Qh5 42. Be6+ Kh8 43. Nxg6+ Nxg6 44. Rh3 Ra1+ 45. Kg2 Nf4+ 46. Qxf4 Qxh3+ 0-1

[Event "EU-ch U18"]
[Site "Batumi"]
[Date "2010.09.20"]
[Round "1"]
[White "Popilski, Gil"]
[Black "Demac, Elias"]
[Result "1-0"]
[WhiteElo "2454"]
[BlackElo "2226"]
[PlyCount "65"]
[EventDate "2010.09.20"]
[EventType "swiss"]
[EventRounds "9"]
[EventCountry "GEO"]
[SourceTitle "CBM 138 Extra"]
[Source "ChessBase"]
[SourceDate "2010.10.29"]
[SourceVersion "1"]
[SourceVersionDate "2010.10.29"]
[SourceQuality "1"]

1. d4 Nf6 2. c4 c5 3. d5 e6 4. Nc3 exd5 5. cxd5 d6 6. e4 g6 7. f4 Bg7 8. Bb5+ Nfd7 9. a4 0-0 10. Nf3 Na6 11. 0-0 Nb4 12. Re1 a6 13. Bf1 Re8 14. h3 b6 15. Bc4 Bb7 16. Bd2 Nf6 17. Qb3 Qd7 18. Rad1 Re7 19. e5 Ne8 20. Bc1 Rd8 21. Ng5 dxe5 22. d6 Nxd6 23. Nxf7 Rxf7 24. fxe5 Qe7 25. exd6 Bd4+ 26. Kh1 Qh4 27. Bxf7+ Kh8 28. Nd5 Rxd6 29. Nxb4 cxb4 30. Re8+ Kg7 31. Rf1 g5 32. Rg8+ Kh6 33. Bxg5+ 1-0

[Event "NOR-chT Nord"]
[Site "Tromsoe"]
[Date "2010.02.26"]
[Round "1"]
[White "Mikalsen, Harald"]
[Black "Demac, Elias"]
[Result "0-1"]
[WhiteElo "1867"]
[BlackElo "2104"]
[PlyCount "60"]
[EventDate "2010.02.26"]
[EventType "team-tourn"]
[EventRounds "5"]
[EventCountry "NOR"]
[SourceTitle "EXT 2012"]
[Source "ChessBase"]
[SourceDate "2011.11.24"]
[SourceVersion "1"]
[SourceVersionDate "2011.11.24"]
[SourceQuality "1"]

1. e4 c5 2. Nc3 e6 3. f4 a6 4. Nf3 b5 5. g3 Bb7 6. d3 d5 7. exd5 exd5 8. Bh3 Nf6 9. Qe2+ Be7 10. Rg1 0-0 11. d4 Nc6 12. Be3 Re8 13. Qf2 cxd4 14. Nxd4 Bc5 15. 0-0-0 b4 16. Nce2 b3 17. cxb3 Qe7 18. Bd2 Ne4 19. Qe3 Qc7 20. Kb1 Ng5 21. Qc3 Bxd4 22. Nxd4 Nxh3 23. Rgf1 Qd7 24. f5 Nxd4 25. Qxd4 Re4 26. Qd3 Qb5 27. Qf3 Qe2 28. f6 Qxf3 29. Rxf3 Re2 30. Bb4 d4 0-1

[Event "NOR-chT Finnmark"]
[Site "Karasjok"]
[Date "2010.02.13"]
[Round "3.1"]
[White "Johnsen, Kjell Magne"]
[Black "Demac, Elias"]
[Result "1/2-1/2"]
[WhiteElo "1972"]
[BlackElo "2104"]
[PlyCount "81"]
[EventDate "2010.02.12"]
[EventType "team-tourn"]
[EventRounds "5"]
[EventCountry "NOR"]
[SourceTitle "EXT 2012"]
[Source "ChessBase"]
[SourceDate "2011.11.24"]
[SourceVersion "1"]
[SourceVersionDate "2011.11.24"]
[SourceQuality "1"]

1. d4 Nf6 2. c4 g6 3. Nf3 Bg7 4. Nc3 0-0 5. e4 d6 6. h3 e5 7. dxe5 dxe5 8. Qxd8 Rxd8 9. Bg5 Re8 10. Nd5 Nxd5 11. cxd5 f5 12. exf5 Bxf5 13. 0-0-0 h6 14. Be3 g5 15. Bc4 Kh8 16. Nd2 c6 17. d6 Na6 18. g4 Bg6 19. h4 b5 20. Bb3 Nb4 21. Nf3 Nd3+ 22. Rxd3 Bxd3 23. Nxg5 c5 24. Nf7+ Kh7 25. d7 Rf8 26. Bxc5 Bf6 27. Bxf8 Rxf8 28. g5 Bd8 29. Nxe5 Bg6 30. Nc6 Bc7 31. d8Q Bxd8 32. Nxd8 Rxd8 33. h5 Bf5 34. g6+ Kg7 35. Re1 Kf6 36. Rg1 Kg7 37. Rd1 Rc8+ 38. Kd2 Bg4 39. Rh1 Rc5 40. Bd1 Rd5+ 41. Kc2 1/2-1/2

[Event "Gibraltar Masters 8th"]
[Site "Caleta"]
[Date "2010.02.02"]
[Round "8"]
[White "Demac, Elias"]
[Black "Kozlov, Oleg"]
[Result "1/2-1/2"]
[WhiteElo "2104"]
[BlackElo "2279"]
[PlyCount "213"]
[EventDate "2010.01.26"]
[EventType "swiss"]
[EventRounds "10"]
[EventCountry "GGB"]
[SourceTitle "CBM 134 Extra"]
[Source "ChessBase"]
[SourceDate "2010.03.03"]
[SourceVersion "1"]
[SourceVersionDate "2010.03.03"]
[SourceQuality "1"]

1. d4 Nf6 2. c4 e6 3. Nf3 b6 4. g3 c6 5. Bg2 d5 6. 0-0 Ba6 7. cxd5 cxd5 8. Nc3 Be7 9. Qa4+ Qd7 10. Qxd7+ Nbxd7 11. Bg5 Bb4 12. Bxf6 gxf6 13. Rfe1 Bxc3 14. bxc3 Rc8 15. Rac1 Rc4 16. Nd2 Ra4 17. Rc2 0-0 18. Bf1 Rc8 19. Rec1 f5 20. f3 Nf6 21. e3 Bxf1 22. Kxf1 b5 23. Ke2 Kf8 24. Kd3 Ke7 25. Rb1 a6 26. Rb4 Ra3 27. Nb1 Ra5 28. a4 Ne8 29. axb5 axb5 30. Nd2 Nd6 31. e4 fxe4+ 32. fxe4 f5 33. e5 Ne4 34. Nb3 Ra7 35. Rxb5 Rac7 36. Nc5 Nxc5+ 37. dxc5 Rxc5 38. Rxc5 Rxc5 39. Ra2 Rc7 40. Ra4 Kf7 41. c4 dxc4+ 42. Rxc4 Rd7+ 43. Ke3 Rd1 44. Kf4 Kg6 45. Rc3 h5 46. h4 Rd4+ 47. Kf3 Re4 48. Re3 Rg4 49. Ra3 f4 50. gxf4 Kf5 51. Ra8 Rxf4+ 52. Kg3 Rg4+ 53. Kh3 Rb4 54. Kg3 Rb3+ 55. Kg2 Re3 56. Rg8 Kf4 57. Rg6 Rxe5 58. Kf2 Kf5 59. Rg8 Ke4 60. Kg3 Rf5 61. Ra8 Ke5 62. Ra5+ Kf6 63. Ra6 Rb5 64. Ra8 Rb3+ 65. Kg2 Rb4 66. Kg3 Rd4 67. Rf8+ Kg7 68. Re8 Rg4+ 69. Kh3 Re4 70. Re7+ Kf6 71. Rh7 Re3+ 72. Kg2 Kg6 73. Rh8 Rd3 74. Rg8+ Kf6 75. Rh8 Rd5 76. Rh6+ Kf7 77. Kf3 Re5 78. Kf4 Ra5 79. Kf3 Rf5+ 80. Ke4 Ke7 81. Rh7+ Kf6 82. Rh6+ Kf7 83. Rh7+ Kg6 84. Re7 Kf6 85. Rh7 Re5+ 86. Kf4 Rf5+ 87. Ke4 Rb5 88. Rh6+ Kf7 89. Kf4 Ra5 90. Kg3 Ra3+ 91. Kf4 Ra5 92. Rh7+ Kg6 93. Rh8 Ra4+ 94. Ke5 Rxh4 95. Kxe6 Re4+ 96. Kd5 Ra4 97. Ke5 Kg5 98. Rg8+ Kh4 99. Kf5 Kh3 100. Rb8 Ra3 101. Kg5 h4 102. Rb4 Ra5+ 103. Kf4 Ra2 104. Kg5 Ra5+ 105. Kf4 Ra8 106. Rb3+ Kg2 107. Rb2+ 1/2-1/2

[Event "Gibraltar Masters 8th"]
[Site "Caleta"]
[Date "2010.01.29"]
[Round "4"]
[White "Demac, Elias"]
[Black "Dworakowska, Joanna"]
[Result "1/2-1/2"]
[WhiteElo "2104"]
[BlackElo "2374"]
[PlyCount "95"]
[EventDate "2010.01.26"]
[EventType "swiss"]
[EventRounds "10"]
[EventCountry "GGB"]
[SourceTitle "CBM 134 Extra"]
[Source "ChessBase"]
[SourceDate "2010.03.03"]
[SourceVersion "1"]
[SourceVersionDate "2010.03.03"]
[SourceQuality "1"]

1. d4 g6 2. c4 Bg7 3. Nc3 d6 4. Nf3 Bg4 5. e4 Nc6 6. Be3 Bxf3 7. gxf3 e5 8. d5 Nd4 9. Bg2 c5 10. 0-0 Nf6 11. f4 0-0 12. fxe5 dxe5 13. Bg5 h6 14. Bxf6 Bxf6 15. Ne2 Nxe2+ 16. Qxe2 Bg5 17. Rab1 a5 18. Qd3 Qd6 19. Qb3 Ra6 20. Bh3 Qc7 21. Qd3 Rd8 22. Rfd1 Be7 23. Qe3 Kg7 24. Kh1 Rf6 25. Rg1 Rdd6 26. Rbf1 Rf4 27. Rg4 Rdf6 28. Rxf4 exf4 29. Qc3 Bd6 30. f3 Be5 31. Qc2 Ra6 32. Qa4 Qe7 33. Qd7 Qf6 34. Rb1 Rb6 35. Be6 h5 36. b3 a4 37. Kg2 Rb4 38. Kh1 Bd4 39. h3 axb3 40. Rxb3 Qh4 41. Qxf7+ Kh6 42. Qf8+ Bg7 43. Qxc5 Rxc4 44. Qxc4 Qe1+ 45. Kg2 Qd2+ 46. Kh1 Qd1+ 47. Kg2 Qd2+ 48. Kh1 1/2-1/2

[Event "Gibraltar Challengers-A 8th"]
[Site "Caleta"]
[Date "2010.01.27"]
[Round "2"]
[White "Demac, Elias"]
[Black "Notkevich, Benjamin Arvola"]
[Result "0-1"]
[WhiteElo "2104"]
[BlackElo "2218"]
[PlyCount "106"]
[EventDate "2010.01.26"]
[EventType "swiss"]
[EventRounds "5"]
[EventCountry "GGB"]
[SourceTitle "CBM 134 Extra"]
[Source "ChessBase"]
[SourceDate "2010.03.03"]
[SourceVersion "1"]
[SourceVersionDate "2010.03.03"]
[SourceQuality "1"]

1. d4 Nf6 2. Bg5 Ne4 3. Bf4 c5 4. f3 Nf6 5. d5 Nh5 6. Bc1 e6 7. e4 Qh4+ 8. Ke2 Ng3+ 9. hxg3 Qxh1 10. Kf2 Qh5 11. Nh3 e5 12. Be2 Qg6 13. Nc3 a6 14. a4 Be7 15. f4 Qf6 16. f5 Qb6 17. a5 Qc7 18. d6 Qxd6 19. Nd5 Nc6 20. c3 Bd8 21. Bg5 Bxg5 22. Nxg5 Ne7 23. Bc4 Nxd5 24. Bxd5 Qf6 25. Nxf7 Rf8 26. Qh5 Rxf7 27. Bxf7+ Qxf7 28. Qxh7 d5 29. Rd1 d4 30. g4 Bd7 31. Qh8+ Qf8 32. Qh2 0-0-0 33. Qxe5 Ba4 34. Qe6+ Kb8 35. Rd2 Qf6 36. Qxf6 gxf6 37. cxd4 Rxd4 38. Re2 Bd1 39. Re3 Bxg4 40. Kg3 Bd1 41. e5 Rg4+ 42. Kh3 fxe5 43. Rxe5 Rg5 44. Rxc5 Bg4+ 45. Kg3 Rxf5 46. Rc4 Be2 47. Re4 Bf1 48. Re1 Rf8 49. Kh2 Bb5 50. Re4 Rf2 51. b4 Bc6 52. Rg4 Kc7 53. Kh3 Bd7 0-1

[Event "Gibraltar Challengers-A 8th"]
[Site "Caleta"]
[Date "2010.01.26"]
[Round "1"]
[White "Weeramantry, Sunil"]
[Black "Demac, Elias"]
[Result "0-1"]
[WhiteElo "2201"]
[BlackElo "2104"]
[PlyCount "62"]
[EventDate "2010.01.26"]
[EventType "swiss"]
[EventRounds "5"]
[EventCountry "GGB"]
[SourceTitle "CBM 134 Extra"]
[Source "ChessBase"]
[SourceDate "2010.03.03"]
[SourceVersion "1"]
[SourceVersionDate "2010.03.03"]
[SourceQuality "1"]

1. e4 c5 2. Nc3 Nc6 3. f4 a6 4. Nf3 b5 5. d4 cxd4 6. Nxd4 Bb7 7. Nb3 e6 8. Be3 d6 9. Be2 Nf6 10. Bf3 Qc7 11. Qd2 Be7 12. 0-0 Rd8 13. Qf2 Rd7 14. Rad1 Nd8 15. Bb6 Qb8 16. g4 b4 17. g5 bxc3 18. gxf6 Bxf6 19. bxc3 Bxc3 20. Rd3 Bf6 21. Rfd1 Nc6 22. Nc5 dxc5 23. Rxd7 Bd4 24. R1xd4 cxd4 25. Rc7 0-0 26. e5 Ba8 27. Rxc6 Bxc6 28. Bxd4 Bxf3 29. Qxf3 Qb1+ 30. Qf1 Qxc2 31. Qxa6 Qd1+ 0-1

[Event "NOR-chT 0910"]
[Site "Norway"]
[Date "2010.01.10"]
[Round "6"]
[White "Moen, Ole Christian"]
[Black "Demac, Elias"]
[Result "1-0"]
[WhiteElo "2237"]
[BlackElo "2221"]
[PlyCount "71"]
[EventDate "2009.11.06"]
[EventType "team"]
[EventRounds "9"]
[EventCountry "NOR"]
[SourceTitle "EXT 2011"]
[Source "ChessBase"]
[SourceDate "2010.11.26"]
[SourceVersion "1"]
[SourceVersionDate "2010.11.26"]
[SourceQuality "1"]
[WhiteTeam "Oslo SS"]
[BlackTeam "Bergen"]
[WhiteTeamCountry "NOR"]
[BlackTeamCountry "NOR"]

1. e4 c5 2. Nf3 d6 3. d4 cxd4 4. Nxd4 Nf6 5. Bd3 g6 6. 0-0 Bg7 7. c3 0-0 8. h3 e5 9. Nc2 d5 10. Nd2 Nc6 11. Re1 Be6 12. exd5 Nxd5 13. Ne4 Bf5 14. Bg5 f6 15. Bc4 Nce7 16. Nb4 Be6 17. Be3 Bf7 18. Nxd5 Bxd5 19. Bxd5+ Qxd5 20. Bc5 Rf7 21. Qa4 f5 22. Rad1 Qc6 23. Qb3 fxe4 24. Bxe7 Bf8 25. Rd6 Qc7 26. Bxf8 Raxf8 27. Qd5 Qe7 28. Rxe4 Qg5 29. f4 Qg3 30. Rf6 Kg7 31. Rxf7+ Rxf7 32. Qxe5+ Kh6 33. Qd4 a6 34. Qd2 Kg7 35. Qf2 Qd3 36. Qd4+ 1-0

[Event "Hastings Masters op 85th"]
[Site "Hastings"]
[Date "2010.01.02"]
[Round "6"]
[White "Hawkins, Jonathan J"]
[Black "Demac, Elias"]
[Result "1-0"]
[WhiteElo "2383"]
[BlackElo "2084"]
[PlyCount "103"]
[EventDate "2009.12.28"]
[EventType "swiss"]
[EventRounds "9"]
[EventCountry "ENG"]
[SourceTitle "CBM 134 Extra"]
[Source "ChessBase"]
[SourceDate "2010.03.03"]
[SourceVersion "1"]
[SourceVersionDate "2010.03.03"]
[SourceQuality "1"]

1. d4 f5 2. g3 Nf6 3. Bg2 g6 4. Nf3 Bg7 5. 0-0 0-0 6. c4 d6 7. Nc3 Qe8 8. Re1 Qf7 9. e4 Nxe4 10. Nxe4 fxe4 11. Rxe4 Nc6 12. Be3 h6 13. d5 Ne5 14. Nxe5 dxe5 15. c5 a5 16. Qd2 Bf5 17. Ra4 e4 18. Bxe4 Bxe4 19. Rxe4 Rad8 20. Rd1 c6 21. d6 exd6 22. cxd6 Rd7 23. Qc2 Qf6 24. Re7 Rf7 25. Bc5 Bf8 26. Rde1 Kh7 27. R7e6 Qf5 28. Qxf5 gxf5 29. Kg2 a4 30. Kf3 b6 31. Bxb6 Rxd6 32. Rxd6 Bxd6 33. Re6 Rd7 34. Be3 c5 35. Rxh6+ Kg7 36. Rh4 Ra7 37. Rc4 Ra5 38. Bd2 Ra6 39. h4 Kf7 40. h5 Ke6 41. h6 Be5 42. Rxc5 Bxb2 43. Kf4 Kf6 44. Rxf5+ Kg6 45. Kg4 Rd6 46. Bf4 Rd3 47. Rg5+ Kh7 48. Rb5 Ba1 49. Kh5 Rd4 50. Rb7+ Kg8 51. h7+ Kh8 52. Be5# 1-0